[Event "Ghent VSF-chA"]
[Site "Ghent"]
[Date "2003.06.07"]
[Round "5"]
[White "Daels, Marc"]
[Black "Thoeng, Paulus"]
[Result "1/2-1/2"]
[WhiteElo "2290"]
[BlackElo "2296"]
[PlyCount "59"]
[EventDate "2003.05.29"]
[EventType "swiss"]
[EventRounds "7"]
[EventCountry "BEL"]
[SourceTitle "EXT 2004"]
[Source "ChessBase"]
[SourceDate "2003.11.25"]
[SourceVersion "1"]
[SourceVersionDate "2003.11.25"]
[SourceQuality "1"]

1. e4 d6 2. d4 Nf6 3. Nc3 c6 4. f4 Qa5 5. Bd2 e5 6. dxe5 dxe5 7. fxe5 Ng4 8. Qf3 Be6 9. Nh3 Nxe5 10. Qg3 Nbd7 11. Nf4 Bc4 12. Nd3 Bxd3 13. cxd3 Qb6 14. 0-0-0 Ng6 15. h4 h5 16. Be2 Be7 17. Rdf1 Rd8 18. Rf5 Nf6 19. Rhf1 Rd7 20. e5 Qc7 21. Be1 Ng4 22. Rxh5 Rxh5 23. Qxg4 Rh6 24. e6 fxe6 25. h5 Nf8 26. Bd2 Rf6 27. Qxg7 Rxf1+ 28. Bxf1 Qh2 29. Be1 b5 30. Ne4 1/2-1/2

[Event "Ghent VSF-chA"]
[Site "Ghent"]
[Date "2003.05.31"]
[Round "3"]
[White "Schuermans, Robert"]
[Black "Thoeng, Paulus"]
[Result "1/2-1/2"]
[WhiteElo "2293"]
[BlackElo "2296"]
[PlyCount "54"]
[EventDate "2003.05.29"]
[EventType "swiss"]
[EventRounds "7"]
[EventCountry "BEL"]
[SourceTitle "EXT 2004"]
[Source "ChessBase"]
[SourceDate "2003.11.25"]
[SourceVersion "1"]
[SourceVersionDate "2003.11.25"]
[SourceQuality "1"]

1. e4 d5 2. exd5 Nf6 3. Bb5+ Nbd7 4. Nc3 g6 5. d4 Bg7 6. Bg5 0-0 7. Nge2 Nb6 8. Bxf6 Bxf6 9. Nf4 Qd6 10. g3 Qb4 11. 0-0 Qxb2 12. Qd2 Bf5 13. a3 Qxc2 14. Qe3 Rfd8 15. Rab1 c5 16. Rfc1 Bxd4 17. Qf3 Qd2 18. Ra1 e5 19. dxe6 fxe6 20. g4 e5 21. Nfe2 Be6 22. Ne4 Qh6 23. Nxd4 exd4 24. Rxc5 Rf8 25. Nf6+ Kh8 26. g5 Qh4 27. Re1 Bf5 1/2-1/2

[Event "BEL-chT 0102"]
[Site "Belgium"]
[Date "2001.11.25"]
[Round "3"]
[White "Van Beers, Eddy"]
[Black "Thoeng, Paulus"]
[Result "1-0"]
[WhiteElo "2340"]
[BlackElo "2255"]
[PlyCount "67"]
[EventDate "2001.10.14"]
[EventType "team-tourn"]
[EventRounds "11"]
[EventCountry "BEL"]
[SourceTitle "EXT 2003"]
[Source "ChessBase"]
[SourceDate "2002.11.25"]
[SourceVersion "1"]
[SourceVersionDate "2002.11.25"]
[SourceQuality "1"]

1. e4 c5 2. c3 e6 3. d4 d5 4. exd5 exd5 5. Nf3 Nc6 6. Bb5 Bd6 7. dxc5 Bxc5 8. 0-0 Nge7 9. Nbd2 0-0 10. Nb3 Bb6 11. Re1 Nf5 12. a4 h6 13. Bf4 Be6 14. Bxc6 bxc6 15. a5 Bc7 16. Bxc7 Qxc7 17. Nc5 Rae8 18. Nd4 Bc8 19. b4 Re5 20. Rxe5 Qxe5 21. Nxc6 Qxc3 22. Rc1 Qb2 23. Rb1 Qa2 24. Qb3 Qd2 25. Nxa7 Re8 26. Qd1 Qf4 27. Nxc8 Nd4 28. g3 Qe5 29. Nd6 Ne2+ 30. Qxe2 Qxe2 31. Nxe8 Qxe8 32. b5 Qe2 33. b6 Qc2 34. Rb3 1-0

[Event "BEL-chT 0001"]
[Site "Belgium"]
[Date "2001.01.21"]
[Round "7"]
[White "Van Hul, Chris"]
[Black "Thoeng, Paulus"]
[Result "1/2-1/2"]
[WhiteElo "2187"]
[BlackElo "2255"]
[PlyCount "118"]
[EventDate "2000.11.18"]
[EventType "team-tourn"]
[EventRounds "13"]
[EventCountry "BEL"]
[SourceTitle "CBM 081 Extra"]
[Source "ChessBase"]
[SourceDate "2001.05.06"]
[SourceVersion "1"]
[SourceVersionDate "2001.05.06"]
[SourceQuality "1"]

1. e4 g6 2. d4 Bg7 3. Nc3 d6 4. Be2 Nc6 5. Be3 e5 6. Nf3 exd4 7. Nxd4 Nf6 8. Qd2 0-0 9. 0-0-0 Re8 10. f3 d5 11. Bb5 Qd6 12. Bf4 Qf8 13. Nxc6 bxc6 14. Bxc6 Rb8 15. Bxe8 Rxb2 16. Bxf7+ Kxf7 17. e5 Rb6 18. Nb1 Ne8 19. Rhe1 Be6 20. Qd3 Qb4 21. Qd4 Qxb1+ 22. Kd2 Qb5 23. Rb1 Qa5+ 24. Qc3 Qa4 25. Be3 Rc6 26. Qb3 Qa5+ 27. Qb4 Qxb4+ 28. Rxb4 Bxe5 29. Bd4 Bd6 30. Rb8 Bf4+ 31. Kd1 Nd6 32. g3 Bg5 33. Rh8 Nb5 34. Rxh7+ Kf8 35. Bb2 d4 36. Re5 Kg8 37. Rxg5 Kxh7 38. Rxb5 Bxa2 39. Bxd4 Rd6 40. c3 Bd5 41. f4 Bc4 42. Rc5 Bb3+ 43. Kc1 c6 44. Ra5 Rd7 45. Ra6 Bd5 46. Bxa7 Kh6 47. Ra5 Be4 48. Bd4 Rb7 49. g4 Bf3 50. h3 Be4 51. Ra8 Rh7 52. Rg8 Bd5 53. Rf8 Bg2 54. f5 gxf5 55. gxf5 Bxh3 56. Rg8 Kh5 57. f6 Be6 58. Rg1 Rd7 59. Kb2 Rd5 1/2-1/2

[Event "BEL-chT 0001"]
[Site "Belgium"]
[Date "2000.01.07"]
[Round "6"]
[White "Thoeng, Paulus"]
[Black "Kerkmeester, Heico"]
[Result "0-1"]
[WhiteElo "2255"]
[BlackElo "2285"]
[PlyCount "78"]
[EventDate "2000.11.18"]
[EventType "team-tourn"]
[EventRounds "13"]
[EventCountry "BEL"]
[SourceTitle "CBM 081 Extra"]
[Source "ChessBase"]
[SourceDate "2001.05.06"]
[SourceVersion "1"]
[SourceVersionDate "2001.05.06"]
[SourceQuality "1"]

1. e4 e6 2. d4 d5 3. Nc3 Nc6 4. Nf3 Nf6 5. Bg5 Be7 6. e5 Ne4 7. h4 Nxg5 8. hxg5 Bxg5 9. Nxg5 Qxg5 10. Nb5 Qe7 11. Qg4 g6 12. 0-0-0 a6 13. Nc3 Bd7 14. Rh6 0-0-0 15. g3 f5 16. Qh3 Kb8 17. Kb1 Na7 18. Bg2 c5 19. dxc5 Qxc5 20. f4 d4 21. Ne2 Bb5 22. Nc1 Rc8 23. Rd2 d3 24. c3 Qe3 25. Rd1 d2 26. Nb3 Bd3+ 27. Ka1 Bc2 28. Rxh7 Bxd1 29. Rxb7+ Ka8 30. Rh7+ Bf3 31. Nxd2 Rxh7 32. Bxf3+ Qxf3 33. Qxh7 Qd1+ 34. Nb1 Rd8 35. Qxg6 Qd7 36. g4 fxg4 37. Qxg4 Nc6 38. Qg6 Ne7 39. Qe4+ Qc6 0-1

[Event "BEL-ch"]
[Site "Geel"]
[Date "1999.??.??"]
[Round "4"]
[White "Thoeng, Paulus"]
[Black "Van Beers, Eddy"]
[Result "1-0"]
[WhiteElo "2295"]
[BlackElo "2350"]
[PlyCount "65"]
[EventDate "1999.08.??"]
[EventType "swiss"]
[EventRounds "9"]
[EventCountry "BEL"]
[EventCategory "4"]
[SourceTitle "EXT 2008"]
[Source "ChessBase"]
[SourceDate "2007.11.25"]
[SourceVersion "1"]
[SourceVersionDate "2007.11.25"]
[SourceQuality "1"]

1. e4 c5 2. Nf3 d6 3. d4 cxd4 4. Nxd4 Nf6 5. Nc3 a6 6. Be2 e5 7. Nf3 h6 8. 0-0 Be7 9. Re1 0-0 10. b3 Be6 11. Bb2 Nbd7 12. Bf1 Qc7 13. Nh4 g6 14. Qf3 Nb6 15. Qe3 Nh7 16. g3 Qc5 17. Qxc5 dxc5 18. Nf3 f6 19. a4 Bg4 20. Nh4 Kg7 21. a5 Nc8 22. Nd5 Rd8 23. f3 Bd7 24. Bc4 Ng5 25. f4 exf4 26. e5 fxe5 27. Rxe5 Nh3+ 28. Kg2 Bxh4 29. gxh4 Kf8 30. Nf6 f3+ 31. Kg3 Ne7 32. Nh7+ Ke8 33. Rae1 1-0

[Event "BEL-ch"]
[Site "Geel"]
[Date "1999.??.??"]
[Round "8"]
[White "Thoeng, Paulus"]
[Black "Van der Stricht, Geert"]
[Result "0-1"]
[WhiteElo "2295"]
[BlackElo "2375"]
[PlyCount "79"]
[EventDate "1999.08.??"]
[EventType "swiss"]
[EventRounds "9"]
[EventCountry "BEL"]
[EventCategory "4"]
[SourceTitle "EXT 2008"]
[Source "ChessBase"]
[SourceDate "2007.11.25"]
[SourceVersion "1"]
[SourceVersionDate "2007.11.25"]
[SourceQuality "1"]

1. e4 c5 2. d3 e6 3. g3 d5 4. Nd2 Bd6 5. Qg4 g6 6. Qe2 Ne7 7. h4 h5 8. Bg2 Nbc6 9. c3 d4 10. Ngf3 e5 11. a4 Bg4 12. Nc4 f6 13. Bh3 Bxh3 14. Rxh3 Bc7 15. Kf1 a6 16. Kg2 b5 17. axb5 axb5 18. Rxa8 Qxa8 19. Na3 Qa4 20. c4 bxc4 21. dxc4 Ba5 22. Rh1 Qb3 23. Qc2 Qxc2 24. Nxc2 Nc8 25. Bd2 Rh7 26. Ra1 Bd8 27. Ra6 Rc7 28. Na3 Nd6 29. Ba5 Nxa5 30. Rxa5 Nxe4 31. Ra6 Rd7 32. Nb1 Rd6 33. Ra2 Rb6 34. Ne1 Nd6 35. Nd2 e4 36. f3 f5 37. fxe4 fxe4 38. b4 Rxb4 39. Nxe4 Nxe4 40. Re2 0-1

[Event "BEL-ch"]
[Site "Geel"]
[Date "1999.??.??"]
[Round "7"]
[White "Vanderwaeren, Serge"]
[Black "Thoeng, Paulus"]
[Result "1-0"]
[WhiteElo "2325"]
[BlackElo "2295"]
[PlyCount "47"]
[EventDate "1999.08.??"]
[EventType "swiss"]
[EventRounds "9"]
[EventCountry "BEL"]
[EventCategory "4"]
[SourceTitle "EXT 2008"]
[Source "ChessBase"]
[SourceDate "2007.11.25"]
[SourceVersion "1"]
[SourceVersionDate "2007.11.25"]
[SourceQuality "1"]

1. Nf3 d6 2. c4 e5 3. Nc3 f5 4. g3 Nf6 5. Bg2 Be7 6. 0-0 0-0 7. d4 e4 8. Ne1 c6 9. d5 Na6 10. Nc2 Qe8 11. f3 Qh5 12. f4 cxd5 13. Nxd5 Nxd5 14. Qxd5+ Kh8 15. Bxe4 Nc7 16. Bf3 Qh3 17. Qd1 Be6 18. b3 Rad8 19. Ba3 Rfe8 20. Ne3 Bf7 21. Qd3 Bf6 22. Rad1 Ne6 23. Qxf5 Qh6 24. Ng4 1-0

[Event "EU-Cup 13th Group3"]
[Site "Slough"]
[Date "1997.09.23"]
[Round "2"]
[White "Thoeng, Paulus"]
[Black "Cigan, Stefan"]
[Result "1-0"]
[WhiteElo "2285"]
[BlackElo "2380"]
[PlyCount "81"]
[EventDate "1997.09.22"]
[EventType "team-k.o."]
[EventRounds "3"]
[EventCountry "ENG"]
[SourceTitle "EXT 2020"]
[Source "ChessBase"]
[SourceDate "2019.10.17"]
[SourceVersion "1"]
[SourceVersionDate "2019.10.17"]
[SourceQuality "1"]
[WhiteTeam "Tessenderlo OSK"]
[BlackTeam "Murska Sobota Radenska"]
[WhiteTeamCountry "BEL"]
[BlackTeamCountry "SLO"]

1. e4 c5 2. Nc3 Nc6 3. Nf3 d6 4. Bb5 e5 5. b4 cxb4 6. Nd5 a6 7. Ba4 Nf6 8. 0-0 Be7 9. Nxb4 Bd7 10. Nxc6 Bxc6 11. Bxc6+ bxc6 12. d3 0-0 13. Rb1 Qc7 14. Be3 Rfb8 15. Rb3 d5 16. Qa1 Bd6 17. Bg5 dxe4 18. Nd2 Rxb3 19. axb3 exd3 20. Bxf6 gxf6 21. cxd3 Qd7 22. Rc1 Be7 23. Qa4 Rd8 24. Rxc6 Qxd3 25. Nf1 Qf5 26. Qxa6 Rd1 27. Qc8+ Qxc8 28. Rxc8+ Kg7 29. g4 f5 30. gxf5 Rb1 31. Rc7 Bg5 32. Rb7 Kf6 33. Kg2 Kxf5 34. Rxf7+ Kg6 35. Rb7 Bf4 36. Ng3 h6 37. Kf3 Rb2 38. h3 Kg5 39. Rg7+ Kh4 40. Kg2 Bxg3 41. Rg4+ 1-0

[Event "BEL-chT 9697"]
[Site "Belgium"]
[Date "1997.??.??"]
[Round "11"]
[White "Meessen, Rudolf"]
[Black "Thoeng, Paulus"]
[Result "1-0"]
[WhiteElo "2310"]
[BlackElo "2295"]
[PlyCount "126"]
[EventDate "1996.??.??"]
[EventType "team-tourn"]
[EventRounds "11"]
[EventCountry "BEL"]
[SourceTitle "EXT 1998"]
[Source "ChessBase"]
[SourceDate "1997.11.17"]
[SourceVersion "1"]
[SourceVersionDate "1997.11.17"]
[SourceQuality "1"]

1. d4 d6 2. e4 g6 3. c4 Bg7 4. Nc3 Nc6 5. Nge2 e5 6. d5 Nce7 7. g3 f5 8. Bg2 Nf6 9. 0-0 0-0 10. exf5 gxf5 11. f4 e4 12. Qb3 Kh8 13. Kh1 Nd7 14. Be3 Nc5 15. Qa3 Ng8 16. Rad1 Nd3 17. Nc1 Nxc1 18. Rxc1 Nf6 19. Bd4 b6 20. Nd1 Bd7 21. Ne3 a5 22. Qc3 Qe8 23. b3 Qh5 24. a3 Kg8 25. Rf2 Rae8 26. Bf1 Re7 27. Be2 Qh3 28. Rg1 Rff7 29. b4 axb4 30. axb4 Rf8 31. Ra1 Be8 32. Rg1 Bd7 33. c5 bxc5 34. bxc5 Be8 35. Bf1 Qh5 36. Be2 Qh3 37. Qa5 Bf7 38. Bf1 Qh5 39. Be2 Qh3 40. cxd6 cxd6 41. Qa1 Be8 42. Bf1 Qh5 43. Be2 Ng4 44. Nxg4 fxg4 45. Rb1 Bd7 46. Rb6 Qg6 47. Bxg7 Rxg7 48. Qa3 Qf6 49. Qb2 Qd8 50. Kg2 h5 51. Qb4 h4 52. Qxd6 h3+ 53. Kg1 Qa8 54. Qb4 Qa1+ 55. Rf1 Qa7 56. Re1 Qa2 57. Qb2 Qa5 58. Qb4 Qa2 59. Qb2 Qa5 60. Kf2 Qa7 61. Rb1 Kh7 62. Qd4 Rg6 63. Qxe4 Bf5 1-0

[Event "BEL-chT 9798"]
[Site "Antwerp"]
[Date "1997.??.??"]
[Round "5"]
[White "Thirion, Marcel"]
[Black "Thoeng, Paulus"]
[Result "1-0"]
[WhiteElo "2200"]
[BlackElo "2285"]
[PlyCount "59"]
[EventDate "1997.??.??"]
[EventType "team-tourn"]
[EventRounds "11"]
[EventCountry "BEL"]
[SourceTitle "EXT 1999"]
[Source "ChessBase"]
[SourceDate "1998.11.16"]
[SourceVersion "1"]
[SourceVersionDate "1998.11.16"]
[SourceQuality "1"]

1. e4 g6 2. d4 Bg7 3. Nc3 c6 4. f4 d5 5. e5 Nh6 6. h3 f6 7. Nf3 0-0 8. Bd3 Na6 9. Bxa6 bxa6 10. Na4 Qa5+ 11. c3 Nf5 12. 0-0 Ng3 13. Re1 Ne4 14. Nd2 Nxd2 15. Bxd2 fxe5 16. fxe5 Qb5 17. b3 Qd3 18. Re3 Qb5 19. Nc5 a5 20. a4 Qb6 21. e6 Rb8 22. Rf3 Bf6 23. Bh6 Re8 24. Qd3 Qd8 25. Rb1 Kh8 26. g4 Rg8 27. g5 Bg7 28. Bxg7+ Kxg7 29. Rf7+ Kh8 30. Qg3 1-0

[Event "BEL-chT 9596"]
[Site "Belgium"]
[Date "1995.??.??"]
[Round "?"]
[White "Thoeng, Paulus"]
[Black "Lacroix, Bruno"]
[Result "0-1"]
[WhiteElo "2315"]
[BlackElo "2145"]
[PlyCount "68"]
[EventDate "1995.??.??"]
[EventType "team-tourn"]
[EventRounds "11"]
[EventCountry "BEL"]
[SourceTitle "EXT 2001"]
[Source "ChessBase"]
[SourceDate "2000.11.22"]
[SourceVersion "1"]
[SourceVersionDate "2000.11.22"]
[SourceQuality "1"]

1. e4 c5 2. Nf3 d6 3. d4 cxd4 4. Nxd4 Nf6 5. Nc3 Nc6 6. Be3 e5 7. Nf3 Be7 8. Bg5 Be6 9. Be2 0-0 10. 0-0 Qa5 11. Nd2 Nd4 12. Nb3 Nxe2+ 13. Qxe2 Qc7 14. Rfd1 Bc4 15. Qd2 Rfd8 16. a4 h6 17. Bxf6 Bxf6 18. Nb5 Qb6 19. Qa5 Qc6 20. Qb4 b6 21. Nd2 Be2 22. Re1 Bxb5 23. axb5 Qxc2 24. Rac1 Qd3 25. Re3 a5 26. Rxd3 axb4 27. Nc4 Rac8 28. Rd5 Bg5 29. Rc2 Rc5 30. b3 Rxd5 31. exd5 Rc8 32. Ra2 Rc5 33. Ra8+ Kh7 34. Rb8 Rxc4 0-1

[Event "BEL-chT 9596"]
[Site "Belgium"]
[Date "1995.??.??"]
[Round "?"]
[White "Thoeng, Paulus"]
[Black "Van Leeuwen, Etienne"]
[Result "1-0"]
[WhiteElo "2315"]
[BlackElo "2075"]
[PlyCount "47"]
[EventDate "1995.??.??"]
[EventType "team-tourn"]
[EventRounds "11"]
[EventCountry "BEL"]
[SourceTitle "EXT 2001"]
[Source "ChessBase"]
[SourceDate "2000.11.22"]
[SourceVersion "1"]
[SourceVersionDate "2000.11.22"]
[SourceQuality "1"]

1. e4 d5 2. exd5 Nf6 3. c4 e6 4. dxe6 Bxe6 5. Nf3 Qe7 6. Qe2 Nc6 7. d4 0-0-0 8. d5 Qb4+ 9. Nc3 Bg4 10. dxc6 Bc5 11. Be3 Rhe8 12. Rd1 Rxd1+ 13. Kxd1 Bxe3 14. fxe3 Qb6 15. cxb7+ Kb8 16. Kc1 Rxe3 17. Qd2 Qe6 18. Be2 Qe8 19. Bd1 Re7 20. Nd4 Bxd1 21. Rxd1 Ne4 22. Nxe4 Rxe4 23. c5 Qa4 24. c6 1-0

[Event "BEL-chT 9596"]
[Site "Belgium"]
[Date "1995.??.??"]
[Round "4"]
[White "Van Mechelen, Jan"]
[Black "Thoeng, Paulus"]
[Result "1/2-1/2"]
[WhiteElo "2360"]
[BlackElo "2315"]
[PlyCount "67"]
[EventDate "1995.??.??"]
[EventType "team-tourn"]
[EventRounds "11"]
[EventCountry "BEL"]
[SourceTitle "EXT 2003"]
[Source "ChessBase"]
[SourceDate "2002.11.25"]
[SourceVersion "1"]
[SourceVersionDate "2002.11.25"]
[SourceQuality "1"]

1. e4 c5 2. c3 e6 3. d4 d5 4. exd5 exd5 5. Nf3 Nc6 6. Be2 Bd6 7. dxc5 Bxc5 8. Nbd2 Nge7 9. Nb3 Bb6 10. 0-0 0-0 11. Nbd4 Bg4 12. Be3 Re8 13. Re1 Qd7 14. Qd2 Rad8 15. Rad1 Ng6 16. Nc2 Bc7 17. Nfd4 Nce5 18. Bxg4 Nxg4 19. Nf3 Qd6 20. g3 Qf6 21. Kg2 N6e5 22. Nxe5 Nxe5 23. Nd4 h6 24. Qc2 Nc4 25. Bc1 Bb6 26. Rxe8+ Rxe8 27. Nf3 Re4 28. b3 Ne5 29. Nxe5 Qxe5 30. Rd2 h5 31. Qd3 Re1 32. Ba3 d4 33. cxd4 Qd5+ 34. f3 1/2-1/2

[Event "Antwerp op"]
[Site "Antwerp"]
[Date "1994.??.??"]
[Round "5"]
[White "Hellsten, Johan"]
[Black "Thoeng, Paulus"]
[Result "1/2-1/2"]
[WhiteElo "2380"]
[BlackElo "2260"]
[PlyCount "51"]
[EventDate "1994.08.??"]
[EventType "swiss"]
[EventRounds "9"]
[EventCountry "BEL"]
[SourceTitle "EXT 1998"]
[Source "ChessBase"]
[SourceDate "1997.11.17"]
[SourceVersion "1"]
[SourceVersionDate "1997.11.17"]
[SourceQuality "1"]

1. e4 e5 2. Nf3 Nc6 3. Bb5 Bb4 4. c3 Ba5 5. Na3 Nf6 6. Nc4 Bb6 7. Bxc6 bxc6 8. Nfxe5 0-0 9. d3 d5 10. Nxb6 axb6 11. 0-0 dxe4 12. dxe4 Qe8 13. Bf4 Ra5 14. Nc4 Qxe4 15. Nxa5 Qxf4 16. Nxc6 Bb7 17. Qd4 Qh6 18. Ne7+ Kh8 19. Nf5 Qg5 20. Ng3 Nh5 21. Rfe1 Nf4 22. f3 h5 23. Qd7 Qc5+ 24. Qd4 Qg5 25. Qd7 Qc5+ 26. Qd4 1/2-1/2